Los terratenientes derrotaron al gobernador alende : c.o.n.f.i.s.u.r., c.o.r.f.o. y la reforma agraria /

Guardado en:
Autor Principal: Otero, José Antonio
Formato: Libro
Publicado: Buenos Aires : Instituto Amigos del Libro Argentino, 1965
Materias:
Etiquetas: Agregar Etiqueta
Sin Etiquetas, Sea el primero en etiquetar este registro!
LEADER 00711nam a22001935a 4500
001 EHU.bham045261
003 AR-BHAM
005 20180627121304.0
008 130507s1965##################000#0#####d
082 3 2 |a 323.3 
100 1 |a Otero, José Antonio 
245 1 0 |a Los terratenientes derrotaron al gobernador alende :  |b c.o.n.f.i.s.u.r., c.o.r.f.o. y la reforma agraria /  |c  José Antonio Otero 
260 |a Buenos Aires :  |b Instituto Amigos del Libro Argentino,  |c 1965 
300 |a 411 p. 
600 1 4 |a Alende, Oscar 
653 |a Reforma agraria argentina 
653 |a Política argentina contemporánea 
653 |a Buenos aires-provincia de-historia 
859 |a AR-BHAM  |b BIB. HUMANIDADES - General  |h 323.3  |i Ot2  |p 165.18  |t Ej.1